Warrior cats Windclan - Statistics

General Stats
  • This quiz has been taken 57 times
    9 since last reset
  • The average score is 24 of 201
Answer Stats
Windclan % Correct
Ashfoot
75%
Breezepelt
75%
Crowfeather
75%
Deadfoot
75%
Harestar
75%
Heathertail
75%
Morningflower
75%
Mudclaw
75%
Tallstar
75%
Gorsestar
50%
Heatherstar
50%
Kestrelflight
50%
Nightcloud
50%
Onestar
50%
Webfoot
50%
Whistlebreeze
50%
White tail
50%
Whitetail
50%
Acorntail
25%
Adderkit
25%
Antpelt
25%
Appleshine
25%
Birchstar
25%
Brindlewing
25%
Cloudrunner
25%
Crowstar
25%
Downkit
25%
Dust muzzle
25%
Duststar
25%
Eaglekit
25%
Fallowstar
25%
Featherstar
25%
Fernstripe
25%
Finchkit
25%
Galestar
25%
Gorseclaw
25%
Gorsepaw
25%
GorsetailPot
25%
GorsetailTnp
25%
Gray wing
25%
Hawkheart
25%
Hazelstar
25%
Hickorynose
25%
Hillkit
25%
Holly
25%
LarkwingAvos
25%
LarkwingFq
25%
LarkwingMv
25%
Mistmouse
25%
Moth flight
25%
Owlwhisker
25%
Palebird
25%
Pebblenose
25%
Rabbitstar
25%
Rushtail
25%
Sandgorse
25%
Sedgewhisker
25%
Smokehaze
25%
Stagleap
25%
Storm pelt
25%
Swallowtail
25%
Swiftfoot
25%
Swiftstar
25%
Thrushpelt
25%
Tornear
25%
Windstar
25%
Woodsong
25%
Woollytail
25%
Wrenflight
25%
Adderpaw
0%
Appledawn
0%
Aspenfall
0%
Bailey
0%
Barkface
0%
Berryfall
0%
Black ear
0%
Blue whisker
0%
Boulderfur
0%
Brackenwing
0%
Branchleap
0%
Bristlebark
0%
Brookripple
0%
Brushpaw
0%
Bubbling stream
0%
Buzzardkit
0%
Cherryfeather
0%
Chiveclaw
0%
Cloversplash
0%
Crouchfoot
0%
Crowfur
0%
Daisytail
0%
Darkfoot
0%
Dawnstripe
0%
Dew nose
0%
Dewspots
0%
Doespring
0%
Dovestar
0%
Dustflower
0%
Eagle feather
0%
Eaglestorm
0%
Emberfoot
0%
Emberkit
0%
Featherpelt
0%
Fern leaf
0%
Flailfoot
0%
Flamepelt
0%
Flash
0%
Flufftail
0%
Flutterfoot
0%
Flytail
0%
Furzepelt
0%
Galekit
0%
Goldenleaf
0%
Gorsefoot
0%
Grassfur
0%
Gustwhisker
0%
HareflightFq
0%
HareflightTr
0%
Harepaw
0%
Harewhisker
0%
Hawkfoot
0%
Hawkfur
0%
Honey pelt
0%
Hootwhisker
0%
Huntheart
0%
Icefoot
0%
Jagged peak
0%
Larksplash
0%
Leafcurl
0%
Leafshine
0%
Leaftail
0%
Lilywhisker
0%
Meadowslip
0%
Melody
0%
Midgepelt
0%
Milkfur
0%
Morningcloud
0%
Morning whisker
0%
Muddyclaw
0%
Mudpuddle
0%
Mudsplash
0%
Oatclaw
0%
Oatwhisker
0%
Peaktail
0%
Pebblefur
0%
Petalstep
0%
Pigeonflight
0%
Plumclaw
0%
Pricklekit
0%
Quailkit
0%
Quickpaw
0%
Rabbitear
0%
Rabbittail
0%
Redclaw
0%
Reedfeather
0%
Reed tail
0%
Ripplegrass
0%
Robinwing
0%
Rocky
0%
Runningbrook
0%
Runningstorm
0%
Rustlekit
0%
Ryestalk
0%
Ryewhisker
0%
Sheeptail
0%
Shrewclaw
0%
Silkypod
0%
Silver stripe
0%
Slate
0%
Slatepelt
0%
Slightfoot
0%
Smallstar
0%
Songleap
0%
Sorrelshine
0%
Specklepaw
0%
Spider paw
0%
Spotnose
0%
Spotted fur
0%
Squirrelbrush
0%
Stoneclaw
0%
Stonestar
0%
Storkkit
0%
Stretchkit
0%
Stripeheart
0%
Sunstrike
0%
Swiftflight
0%
Swift minnow
0%
Swiftwing
0%
Tawnyfur
0%
Thistleheart
0%
ThistlepawCotc
0%
ThistlepawTnp
0%
Thrushcall
0%
Thrushwing
0%
Weaselfur
0%
Whiskernose
0%
Whiteberry
0%
Whitebreeze
0%
Willowclaw
0%
Willow tail
0%
Wolfheart
0%
No matching quizzes found
Score Distribution
Percent of People with Each Score
Percentile by Number Answered
Your Score History
You have not taken this quiz since the last reset